000 00375 a2200169 4500
001 189293
020 _a85-250-3960-8
040 _cMagnum
100 _aLapouge, Gilles
240 1 0 _aA missão das fronteiras
_lpor
245 1 0 _aA missão das fronteiras
300 _a370
362 0 _a2005
440 1 _aGlobo
697 _aLITERATURA GERAL ESTRANGEIRA
942 _cBK
999 _c189293
_d189293